00399nam a2200145Ia 4500003000900000008004100009040001600050080001600066100001300082245006700095260004300162300000900205650001900214650002000233IN-BaIIA211028s9999 xx 000 0 eng d cIIA Library a551.55bHAN aHann, J. 0aWind variations on south Indian mountains (in German)cJ. Hann aWienbAkademieder Wissenschaftenc1908 a64p. aNASA Thesaurus aWind Variations